Seznam vybraných výzkumných prací VUSTE za rok 1980

Gespeichert in:
Bibliographische Detailangaben
Format: Buch
Sprache:Tschechisch
Veröffentlicht: Praha Výzkumný ústav strojírenské technologie a ekonomiky 1981
Schriftenreihe:Knižnice VUSTE sv. 172
Tags: Tag hinzufügen
Keine Tags, Fügen Sie das erste Tag hinzu!

MARC

LEADER 00000nam a2200000 4500
001 c137114
005 20250613075950.2
041 0 |a cze 
044 |a CZ 
245 1 0 |a Seznam vybraných výzkumných prací VUSTE za rok 1980  |c Zostav. Danuše Šroubová 
264 1 |a Praha  |b Výzkumný ústav strojírenské technologie a ekonomiky  |c 1981 
300 |a 265 s. 
490 1 |a Knižnice VUSTE  |v sv. 172 
830 0 |a Knižnice VUSTE  |v sv. 172